Visualizzazione normale
Vista MARC
- Policarpo,
di Personal Name
Records bibliografici associati: 1
001 - CONTROL NUMBER
- control field: 23255
003 - CONTROL NUMBER IDENTIFIER
- control field: IT-RoINE
005 - DATE AND TIME OF LATEST TRANSACTION
- control field: 20210129061332.0
008 - FIXED-LENGTH DATA ELEMENTS
- fixed length control field: 160401|| aca||aabn | a|a d
040 ## - CATALOGING SOURCE
- Original cataloging agency: IT-RoINE
- Transcribing agency: IT-RoINE
100 0# - HEADING--PERSONAL NAME
- Personal name: Policarpo,
- Titles and other words associated with a name: Santo, Obispo de Esmirna,
- Dates associated with a name: m. 155
- General subdivision: Biografìa
670 ## - SOURCE DATA FOUND
- Source citation: Work cat.: (IT-RoINE): 21403 Proja, Giovanni Battista, San Policarpo :, 2010.